[Event "ENCI Limburg-open A"]
[Site "Maastricht"]
[Date "2008.05.11"]
[Round "5"]
[White "Bok, Benjamin"]
[Black "Michalczak, Thomas"]
[Result "1-0"]
[WhiteElo "2180"]
[BlackElo "2329"]
[PlyCount "95"]
[EventDate "2008.05.09"]
[EventType "swiss"]
[EventRounds "7"]
[EventCountry "NED"]
[Source "P.Boonen"]
[SourceDate "2010.01.01"]

1. e4 e5 2. Nf3 Nc6 3. Bb5 a6 4. Ba4 Nf6 5. O-O Be7 6. Re1 b5 7. Bb3 d6 8. c3
O-O 9. h3 Nb8 10. d4 Nbd7 11. Nbd2 Bb7 12. Bc2 Re8 13. Nf1 Bf8 14. Ng3 g6 15.
a4 c5 16. d5 Nb6 17. Qe2 Nxa4 18. Bxa4 bxa4 19. Rxa4 Bc8 20. Be3 Rb8 21. Ra2
Re7 22. Nd2 Reb7 23. Nc4 Rb5 24. Rea1 Ne8 25. Qc2 Qh4 26. Nf1 f5 27. f3 fxe4
28. fxe4 Nf6 29. Nfd2 Be7 30. Na5 Bxh3 31. Nf3 Qg3 32. Nc6 R8b7 33. Bg5 Nxd5
34. Qd2 Nf4 35. Bxf4 exf4 36. Nxe7+ Rxe7 37. Rxa6 Rxe4 38. Ra8+ Kg7 39. R1a7+
Kh6 40. Rh8 Re1+ 41. Nxe1 Rxb2 42. Raxh7+ Kg5 43. Qd5+ Kg4 44. Qe6+ Kg5 45.
Qe7+ Kf5 46. Rf7+ Kg4 47. Qe6+ Kg5 48. Qf6+ 1-0

[Event "ENCI Limburg-open A"]
[Site "Maastricht"]
[Date "2008.05.11"]
[Round "5"]
[White "Bomans, Arno"]
[Black "Simenon, Jozef"]
[Result "1/2-1/2"]
[WhiteElo "1955"]
[BlackElo "2182"]
[PlyCount "41"]
[EventDate "2008.05.09"]
[EventType "swiss"]
[EventRounds "7"]
[EventCountry "NED"]
[Source "P.Boonen"]
[SourceDate "2010.01.01"]

1. Nc3 c5 2. f4 e6 3. Nf3 d5 4. b3 Nf6 5. e3 a6 6. Bb2 Nbd7 7. Bd3 b5 8. O-O
Bb7 9. Qe1 Qc7 10. Nd1 c4 11. Be2 Bd6 12. d4 Ne4 13. c3 O-O-O 14. a4 g5 15. Ne5
Rdf8 16. Ba3 gxf4 17. exf4 Nb6 18. a5 Nd7 19. Nxd7 Kxd7 20. Bxd6 Nxd6 21. b4
1/2-1/2

[Event "ENCI Limburg-open A"]
[Site "Maastricht"]
[Date "2008.05.11"]
[Round "5"]
[White "Boulahfa, Hicham"]
[Black "Bijlsma, Nick"]
[Result "1-0"]
[WhiteElo "2000"]
[BlackElo "1869"]
[PlyCount "59"]
[EventDate "2008.05.09"]
[EventType "swiss"]
[EventRounds "7"]
[EventCountry "NED"]
[Source "P.Boonen"]
[SourceDate "2010.01.01"]

1. e4 c5 2. Nf3 d6 3. d4 cxd4 4. Nxd4 Nf6 5. Nc3 a6 6. Be2 e5 7. Nb3 Be7 8. O-O
O-O 9. Kh1 Nc6 10. f4 exf4 11. Bxf4 Ne5 12. a4 Be6 13. Nd4 Qa5 14. Nf5 Bxf5 15.
exf5 Rfd8 16. Bd2 Qc7 17. a5 Nc4 18. Bxc4 Qxc4 19. Be3 d5 20. Na4 Qe4 21. Bd4
Re8 22. Nc3 Qh4 23. Ra4 Ne4 24. Nxe4 dxe4 25. Qe2 Bd6 26. g3 Qe7 27. Bxg7 Qg5
28. Bc3 Qe7 29. Bd2 Qf6 30. Qg4+ 1-0

[Event "ENCI Limburg-open A"]
[Site "Maastricht"]
[Date "2008.05.11"]
[Round "5"]
[White "Boulan, Laura"]
[Black "Taverniers, Peter"]
[Result "1-0"]
[WhiteElo "1921"]
[BlackElo "1810"]
[PlyCount "57"]
[EventDate "2008.05.09"]
[EventType "swiss"]
[EventRounds "7"]
[EventCountry "NED"]
[Source "P.Boonen"]
[SourceDate "2010.01.01"]

1. e4 b6 2. d4 Bb7 3. Bd3 Nf6 4. f3 e6 5. Ne2 c5 6. c3 cxd4 7. cxd4 Ba6 8. O-O
Bxd3 9. Qxd3 Be7 10. Nbc3 d5 11. e5 Nfd7 12. Be3 O-O 13. f4 g6 14. f5 exf5 15.
Nxd5 Nc6 16. Bh6 Re8 17. Qg3 Bh4 18. Qf4 Nf8 19. Qf3 Ne6 20. Rad1 Rc8 21. Ndc3
Qc7 22. Qh3 Bg5 23. d5 Nxe5 24. dxe6 Bxh6 25. Qxh6 Ng4 26. Qf4 Qc5+ 27. Qd4 Qc7
28. exf7+ Kxf7 29. Qd7+ 1-0

[Event "ENCI Limburg-open A"]
[Site "Maastricht"]
[Date "2008.05.11"]
[Round "5"]
[White "Braeken, Barry"]
[Black "Pevar, Andrew"]
[Result "1-0"]
[WhiteElo "1916"]
[BlackElo "1831"]
[PlyCount "67"]
[EventDate "2008.05.09"]
[EventType "swiss"]
[EventRounds "7"]
[EventCountry "NED"]
[Source "P.Boonen"]
[SourceDate "2010.01.01"]

1. e4 c5 2. d3 Nc6 3. g3 g6 4. Bg2 Bg7 5. Nf3 d6 6. O-O Nf6 7. Nbd2 O-O 8. Re1
Qc7 9. Nf1 b5 10. h3 a5 11. Be3 Ba6 12. Qd2 Rfb8 13. Bh6 Bh8 14. c3 Nd7 15. Ne3
e6 16. Ng5 b4 17. Ng4 a4 18. Qf4 Nd8 19. Qd2 a3 20. e5 bxc3 21. bxc3 Rb2 22.
exd6 Qxd6 23. Ne4 Rxd2 24. Nxd6 Rxd3 25. Bxa8 Bxc3 26. Ne4 Bxa1 27. Rxa1 Nb6
28. Nxc5 Rc3 29. Nf6+ Kh8 30. Rd1 Bd3 31. Nxd3 Nxa8 32. Ne5 Rc8 33. Rxd8+ Rxd8
34. Nxf7# 1-0

[Event "ENCI Limburg-open A"]
[Site "Maastricht"]
[Date "2008.05.11"]
[Round "5"]
[White "Breest, Axel"]
[Black "Admiraal, Miguoel"]
[Result "0-1"]
[WhiteElo "1860"]
[BlackElo "1908"]
[PlyCount "82"]
[EventDate "2008.05.09"]
[EventType "swiss"]
[EventRounds "7"]
[EventCountry "NED"]
[Source "P.Boonen"]
[SourceDate "2010.01.01"]

1. e4 c5 2. Nf3 e6 3. b3 b6 4. d4 cxd4 5. Nxd4 Bb7 6. Nb5 a6 7. Nd6+ Bxd6 8.
Qxd6 Bxe4 9. Ba3 Nf6 10. Nd2 Nc6 11. Nc4 Qb8 12. Qd2 Bg6 13. O-O-O d5 14. Nd6+
Kd7 15. Bd3 Bh5 16. f3 Ne8 17. Ne4 Kc7 18. Ng3 Nf6 19. Qf4+ e5 20. Qg5 Bg6 21.
Nf5 Bxf5 22. Bxf5 Rg8 23. Qg3 Kb7 24. Rhe1 a5 25. Qh4 a4 26. b4 b5 27. Bb2 a3
28. Bc3 d4 29. Bxd4 exd4 30. Rxd4 g5 31. Qh6 Nxd4 32. Re7+ Ka6 33. Rxf7 Ne2+
34. Kd2 Qd6+ 35. Ke1 Rgf8 36. Rxh7 Rae8 37. Be4 Nxe4 38. fxe4 Qxh6 39. Rxh6+
Kb7 40. Kxe2 Rxe4+ 41. Kd3 Rxb4 0-1

[Event "ENCI Limburg-open A"]
[Site "Maastricht"]
[Date "2008.05.11"]
[Round "5"]
[White "Broekmeulen, Joris"]
[Black "Staudte, Rainer"]
[Result "1/2-1/2"]
[WhiteElo "1862"]
[BlackElo "1990"]
[PlyCount "68"]
[EventDate "2008.05.09"]
[EventType "swiss"]
[EventRounds "7"]
[EventCountry "NED"]
[Source "P.Boonen"]
[SourceDate "2010.01.01"]

1. e4 c5 2. Nf3 Nc6 3. d4 cxd4 4. Nxd4 g6 5. c4 Nf6 6. Nc3 Nxd4 7. Qxd4 d6 8.
Be3 Bg7 9. f3 O-O 10. Qd2 Qa5 11. Rc1 Be6 12. Be2 Rfc8 13. b3 a6 14. Nd5 Qxd2+
15. Kxd2 Nxd5 16. cxd5 Bd7 17. Rxc8+ Rxc8 18. Rc1 f5 19. Rxc8+ Bxc8 20. Kc2 Kf7
21. b4 fxe4 22. fxe4 Be5 23. h3 Bd7 24. Kb3 Bg3 25. Bd4 e5 26. Bb6 Ke7 27. a4
Be1 28. b5 axb5 29. axb5 Bd2 30. Bf1 Be1 31. Be3 Ba5 32. Ka4 Be1 33. Kb3 Ba5
34. Ka4 Be1 1/2-1/2

[Event "ENCI Limburg-open A"]
[Site "Maastricht"]
[Date "2008.05.11"]
[Round "5"]
[White "Bruls, Peter"]
[Black "Reyniers, Pieter"]
[Result "1/2-1/2"]
[WhiteElo "1801"]
[BlackElo "2028"]
[PlyCount "89"]
[EventDate "2008.05.09"]
[EventType "swiss"]
[EventRounds "7"]
[EventCountry "NED"]
[Source "P.Boonen"]
[SourceDate "2010.01.01"]

1. c4 e5 2. g3 Nc6 3. Bg2 f5 4. Nc3 Nf6 5. e3 d5 6. cxd5 Nb4 7. d3 c6 8. a3 Qa5
9. dxc6 e4 10. dxe4 fxe4 11. Bxe4 Nxe4 12. axb4 Qxa1 13. Qh5+ Kd8 14. Qd5+ Nd6
15. Nge2 bxc6 16. Qe5 Ba6 17. O-O Kc7 18. Bd2 Re8 19. Qd4 Qxf1+ 20. Kxf1 Be7
21. Qxa7+ Bb7 22. Kg2 Nc4 23. Bc1 Bxb4 24. Nd5+ cxd5 25. Qd4 Rhg8 26. b3 Re4
27. Qd3 Nd6 28. Nd4 Ra8 29. Qb1 g6 30. Bb2 Kd7 31. Bc1 Re7 32. Bb2 Ne4 33. f3
Nd2 34. Qd3 Ba6 35. Qc2 Rc8 36. Qd1 Rxe3 37. Qa1 Bc3 38. Qa4+ Kd8 39. Nc6+ Kc7
40. Qxa6 Bxb2 41. Qa7+ Kxc6 42. Qxe3 Bc1 43. Qe6+ Kb7 44. Qxd5+ Kb6 45. Qd6+
1/2-1/2

[Event "ENCI Limburg-open A"]
[Site "Maastricht"]
[Date "2008.05.11"]
[Round "5"]
[White "Burg, Twan"]
[Black "Van der Zwet, Bart"]
[Result "1-0"]
[WhiteElo "2342"]
[BlackElo "2057"]
[PlyCount "57"]
[EventDate "2008.05.09"]
[EventType "swiss"]
[EventRounds "7"]
[EventCountry "NED"]
[Source "P.Boonen"]
[SourceDate "2010.01.01"]

1. e4 c6 2. d4 d5 3. exd5 cxd5 4. c4 Nf6 5. Nc3 Nc6 6. Bg5 dxc4 7. Nf3 Bg4 8.
d5 Ne5 9. Bxc4 Nxc4 10. Qa4+ Qd7 11. Qxc4 Bxf3 12. gxf3 Rc8 13. Qb3 e5 14. Bxf6
gxf6 15. Ne4 Be7 16. d6 Bd8 17. Rg1 f5 18. Nc3 Ba5 19. O-O-O Rc5 20. f4 Qc6 21.
Rg7 Rf8 22. d7+ Ke7 23. Kb1 Qh6 24. Nd5+ Kd6 25. Rxf7 Bd8 26. fxe5+ Kc6 27.
Qa4+ Rb5 28. Rxf8 Qxf8 29. Rc1+ 1-0

[Event "ENCI Limburg-open A"]
[Site "Maastricht"]
[Date "2008.05.11"]
[Round "5"]
[White "Carcan, Stephane"]
[Black "Nabuurs, Joep"]
[Result "0-1"]
[WhiteElo "2047"]
[BlackElo "2205"]
[PlyCount "64"]
[EventDate "2008.05.09"]
[EventType "swiss"]
[EventRounds "7"]
[EventCountry "NED"]
[Source "P.Boonen"]
[SourceDate "2010.01.01"]

1. g3 f5 2. Nf3 Nf6 3. Bg2 g6 4. O-O Bg7 5. c4 d6 6. Nc3 O-O 7. Rb1 a5 8. a3 e5
9. d3 Nc6 10. b4 Qe7 11. Nd5 Nxd5 12. cxd5 Nd8 13. Qc2 c6 14. Bg5 Bf6 15. Bxf6
Rxf6 16. Nd2 cxd5 17. Bxd5+ Be6 18. Bxe6+ Nxe6 19. Rfe1 Rf7 20. Nc4 axb4 21.
axb4 b5 22. Nb6 Nd4 23. Qb2 Ra6 24. Nd5 Qb7 25. Ne3 Qa8 26. Ra1 Rfa7 27. Rxa6
Rxa6 28. Nc2 Ra2 29. Ra1 Nxe2+ 30. Kf1 Nxg3+ 31. hxg3 Qh1+ 32. Ke2 Qh5+ 0-1

[Event "ENCI Limburg-open A"]
[Site "Maastricht"]
[Date "2008.05.11"]
[Round "5"]
[White "Clemens, Adrian HP"]
[Black "De Reymaekers, Walter"]
[Result "1-0"]
[WhiteElo "2326"]
[BlackElo "2053"]
[PlyCount "111"]
[EventDate "2008.05.09"]
[EventType "swiss"]
[EventRounds "7"]
[EventCountry "NED"]
[Source "P.Boonen"]
[SourceDate "2010.01.01"]

1. d4 Nf6 2. c4 c5 3. d5 b5 4. cxb5 a6 5. bxa6 Bxa6 6. Nc3 g6 7. g3 d6 8. Bg2
Bg7 9. Nf3 Nbd7 10. Rb1 O-O 11. O-O Qa5 12. Qc2 Rfb8 13. Rd1 Ng4 14. Bd2 Nde5
15. Nxe5 Nxe5 16. b3 Bc8 17. h3 Bf5 18. e4 Bc8 19. f4 Nd7 20. Kh2 h5 21. a4 Ba6
22. Nb5 Qb6 23. Bf1 c4 24. bxc4 Qf2+ 25. Bg2 Bxb5 26. Rf1 Bxa4 27. Rxb8+ Nxb8
28. Qa2 Qa7 29. c5 dxc5 30. e5 c4 31. Qxc4 Nd7 32. Ra1 Nb6 33. Qd4 Nd7 34. Qc4
g5 35. d6 Nb6 36. Qd4 Rb8 37. Be3 exd6 38. Qxd6 gxf4 39. gxf4 Bf8 40. Qf6 Qe7
41. Qxe7 Bxe7 42. Bxb6 Rxb6 43. Rxa4 Rb2 44. Rc4 Kg7 45. Kg3 h4+ 46. Kf3 Bb4
47. f5 Be1 48. Rg4+ Kh6 49. e6 fxe6 50. fxe6 Bg3 51. Rg8 Rf2+ 52. Ke3 Rxg2 53.
Rh8+ Kg7 54. e7 Kxh8 55. e8=Q+ Kg7 56. Qd7+ 1-0

[Event "ENCI Limburg-open A"]
[Site "Maastricht"]
[Date "2008.05.11"]
[Round "5"]
[White "Coenen, Eduard"]
[Black "Karns, Tobias"]
[Result "1-0"]
[WhiteElo "2161"]
[BlackElo "2022"]
[PlyCount "49"]
[EventDate "2008.05.09"]
[EventType "swiss"]
[EventRounds "7"]
[EventCountry "NED"]
[Source "P.Boonen"]
[SourceDate "2010.01.01"]

1. d4 d5 2. Nf3 Nf6 3. c3 g6 4. Bf4 Bg7 5. e3 O-O 6. Bd3 Nh5 7. Be5 f6 8. Bg3
Nxg3 9. hxg3 e5 10. Qb3 exd4 11. cxd4 c6 12. Nc3 Qb6 13. Qc2 Be6 14. a3 a5 15.
Na4 Qc7 16. Bxg6 hxg6 17. Qxg6 Rd8 18. Nc5 Bf7 19. Qh7+ Kf8 20. Nh4 Re8 21.
O-O-O b6 22. Nd3 Qd7 23. Nf4 Qg4 24. Nf5 Qg5 25. f3 1-0

[Event "ENCI Limburg-open A"]
[Site "Maastricht"]
[Date "2008.05.11"]
[Round "5"]
[White "Daces, Philippe"]
[Black "Goossens, Hanne"]
[Result "1/2-1/2"]
[WhiteElo "2032"]
[BlackElo "1909"]
[PlyCount "77"]
[EventDate "2008.05.09"]
[EventType "swiss"]
[EventRounds "7"]
[EventCountry "NED"]
[Source "P.Boonen"]
[SourceDate "2010.01.01"]

1. d4 f5 2. Bg5 g6 3. Nc3 Bg7 4. h4 h6 5. Bf4 d6 6. e4 Nf6 7. Bd3 e6 8. Qf3 Nc6
9. exf5 exf5 10. O-O-O Nxd4 11. Qe3+ Ne6 12. Bc4 Kf7 13. Nf3 Ng4 14. Qe2 Bxc3
15. bxc3 Qf6 16. Rhe1 Re8 17. Nd4 Bd7 18. f3 Ne5 19. Bxe5 Qxe5 20. Qxe5 dxe5
21. Nxf5 gxf5 22. Rxd7+ Kf6 23. Bxe6 Rxe6 24. Rxc7 Rc6 25. Rxb7 Rxc3 26. Rd1
Rc6 27. Rbd7 Kg6 28. g4 fxg4 29. fxg4 Re6 30. R1d6 Rae8 31. Rxe6+ Rxe6 32. Rxa7
Kf6 33. c3 Rd6 34. Kc2 e4 35. Ra4 Ke5 36. Rd4 Rg6 37. g5 hxg5 38. hxg5 Rxg5 39.
Rd8 1/2-1/2

[Event "ENCI Limburg-open A"]
[Site "Maastricht"]
[Date "2008.05.11"]
[Round "5"]
[White "Dahmen, Christoph"]
[Black "Held, Benjamin"]
[Result "1/2-1/2"]
[WhiteElo "2077"]
[BlackElo "1856"]
[PlyCount "88"]
[EventDate "2008.05.09"]
[EventType "swiss"]
[EventRounds "7"]
[EventCountry "NED"]
[Source "P.Boonen"]
[SourceDate "2010.01.01"]

1. d4 Nf6 2. Nf3 e6 3. c4 b6 4. Nc3 Bb7 5. Bg5 Be7 6. Qc2 d5 7. e3 Nbd7 8. Bd3
dxc4 9. Bxc4 O-O 10. O-O h6 11. Bh4 Ne8 12. Bg3 Bxf3 13. gxf3 Bd6 14. Rac1 Bxg3
15. hxg3 Nd6 16. Be2 c5 17. Rfd1 Qe7 18. Nb5 Nxb5 19. Bxb5 Rfd8 20. Bxd7 Rxd7
21. dxc5 Rxd1+ 22. Rxd1 bxc5 23. Rc1 Rc8 24. Kg2 Qb7 25. b3 Qb4 26. Qc4 a5 27.
Qa6 Rd8 28. Qc4 Rd2 29. a4 Rb2 30. Qxc5 Qd2 31. e4 Rxb3 32. Qc2 Qxc2 33. Rxc2
Rb4 34. Ra2 Kf8 35. Kf1 f5 36. e5 g5 37. Rc2 Rxa4 38. Rc8+ Kf7 39. Rc7+ Ke8 40.
Rh7 Rd4 41. Rxh6 Ke7 42. Rh7+ Ke8 43. Ra7 Rd5 44. f4 gxf4 1/2-1/2

[Event "ENCI Limburg-open A"]
[Site "Maastricht"]
[Date "2008.05.11"]
[Round "5"]
[White "De Ridder, Dieter"]
[Black "Skrobic, Dragan"]
[Result "1/2-1/2"]
[WhiteElo "1778"]
[BlackElo "1918"]
[PlyCount "75"]
[EventDate "2008.05.09"]
[EventType "swiss"]
[EventRounds "7"]
[EventCountry "NED"]
[Source "P.Boonen"]
[SourceDate "2010.01.01"]

1. e4 g6 2. Nc3 Bg7 3. g3 c5 4. Bg2 Nc6 5. d3 e6 6. Be3 Nge7 7. Bxc5 Qa5 8. Be3
Bxc3+ 9. bxc3 Qxc3+ 10. Bd2 Qc5 11. Ne2 O-O 12. O-O d5 13. e5 Nf5 14. c3 d4 15.
Bxc6 bxc6 16. cxd4 Nxd4 17. Rc1 Qxe5 18. Nxd4 Qxd4 19. Bc3 Qd5 20. Qd2 e5 21.
f4 Bh3 22. Rf2 f6 23. Re1 exf4 24. Rxf4 Rfe8 25. Rfe4 Rxe4 26. Rxe4 Rd8 27. Rd4
Qc5 28. Qf2 Re8 29. Re4 Qxf2+ 30. Kxf2 Rxe4 31. dxe4 Kf7 32. Ke3 Ke6 33. Kd4
Bg2 34. h4 h6 35. Ke3 g5 36. hxg5 hxg5 37. Bd4 a6 38. Bc5 1/2-1/2

[Event "ENCI Limburg-open A"]
[Site "Maastricht"]
[Date "2008.05.11"]
[Round "5"]
[White "Dgebuadze, Alexandre"]
[Black "Schut, Lisa"]
[Result "1-0"]
[WhiteElo "2528"]
[BlackElo "2065"]
[PlyCount "69"]
[EventDate "2008.05.09"]
[EventType "swiss"]
[EventRounds "7"]
[EventCountry "NED"]
[Source "P.Boonen"]
[SourceDate "2010.01.01"]

1. e4 c5 2. Nf3 d6 3. d4 cxd4 4. Qxd4 Nc6 5. Bb5 Bd7 6. Bxc6 Bxc6 7. Nc3 Nf6 8.
Bg5 e6 9. O-O-O Be7 10. h4 h6 11. Be3 O-O 12. Kb1 Ng4 13. Qd3 Qc7 14. Nd4 Rfd8
15. f3 Ne5 16. Qe2 b5 17. Ncxb5 Bxb5 18. Nxb5 Qb7 19. b3 a6 20. Nd4 Rdc8 21. g4
Nc4 22. Bc1 Nb6 23. Bb2 Rab8 24. g5 Nc4 25. gxh6 Nxb2 26. Kxb2 g6 27. f4 e5 28.
fxe5 dxe5 29. Nf3 Qb4 30. Rd3 Qa3+ 31. Kb1 Bb4 32. h7+ Kxh7 33. h5 Kg7 34. hxg6
Rh8 35. Rf1 1-0

[Event "ENCI Limburg-open A"]
[Site "Maastricht"]
[Date "2008.05.11"]
[Round "5"]
[White "Eijk, Yuri"]
[Black "Dek, Lennart"]
[Result "0-1"]
[WhiteElo "2012"]
[BlackElo "2191"]
[PlyCount "32"]
[EventDate "2008.05.09"]
[EventType "swiss"]
[EventRounds "7"]
[EventCountry "NED"]
[Source "P.Boonen"]
[SourceDate "2010.01.01"]

1. d4 d6 2. Nf3 Bg4 3. e4 Nf6 4. Nc3 e6 5. Be2 c6 6. O-O d5 7. Bg5 Be7 8. e5
Nfd7 9. Bxe7 Qxe7 10. h3 Bh5 11. Qd2 a6 12. Nh2 Bg6 13. Nd1 c5 14. c3 Nc6 15.
a3 Na5 16. Qf4 Nb3 0-1

[Event "ENCI Limburg-open A"]
[Site "Maastricht"]
[Date "2008.05.11"]
[Round "5"]
[White "Friesen, Boris"]
[Black "Zachariassen, Bjarne"]
[Result "1/2-1/2"]
[WhiteElo "2129"]
[BlackElo "1938"]
[PlyCount "32"]
[EventDate "2008.05.09"]
[EventType "swiss"]
[EventRounds "7"]
[EventCountry "NED"]
[Source "P.Boonen"]
[SourceDate "2010.01.01"]

1. e4 Nf6 2. e5 Nd5 3. Nf3 d6 4. d4 Bg4 5. Be2 e6 6. O-O Be7 7. Re1 O-O 8. c4
Nb6 9. b3 Nc6 10. Bb2 dxe5 11. dxe5 Qxd1 12. Rxd1 Rad8 13. Nbd2 Nd7 14. h3 Bf5
15. Nf1 Nc5 16. Nd4 Nxd4 1/2-1/2

[Event "ENCI Limburg-open A"]
[Site "Maastricht"]
[Date "2008.05.11"]
[Round "5"]
[White "Goes, Dirk"]
[Black "Noiroux, Kevin"]
[Result "0-1"]
[WhiteElo "1972"]
[BlackElo "2134"]
[PlyCount "58"]
[EventDate "2008.05.09"]
[EventType "swiss"]
[EventRounds "7"]
[EventCountry "NED"]
[Source "P.Boonen"]
[SourceDate "2010.01.01"]

1. d4 d5 2. Bf4 Nf6 3. e3 c5 4. c3 Nc6 5. Nd2 cxd4 6. exd4 Bf5 7. Qb3 Qd7 8.
Ngf3 a6 9. Nh4 Be6 10. Bd3 g6 11. Nhf3 Bg7 12. Ne5 Nxe5 13. Bxe5 O-O 14. O-O
Bh6 15. Qc2 Nh5 16. Bg3 Ng7 17. Nf3 f6 18. Nh4 Bf7 19. f4 Rac8 20. Rae1 e6 21.
h3 Qc7 22. Bh2 f5 23. g4 Ne8 24. Ng2 Bg7 25. Qe2 Nd6 26. Ne3 Ne4 27. Qg2 Nxc3
28. Rc1 Bxd4 29. Qd2 Qb6 0-1

[Event "ENCI Limburg-open A"]
[Site "Maastricht"]
[Date "2008.05.11"]
[Round "5"]
[White "Hahn, Gerard"]
[Black "Lentjes, Noud"]
[Result "0-1"]
[WhiteElo "1993"]
[BlackElo "1899"]
[PlyCount "104"]
[EventDate "2008.05.09"]
[EventType "swiss"]
[EventRounds "7"]
[EventCountry "NED"]
[Source "P.Boonen"]
[SourceDate "2010.01.01"]

1. e4 e6 2. d4 d5 3. Nc3 Bb4 4. e5 c5 5. a3 Bxc3+ 6. bxc3 Qc7 7. Qg4 f5 8. Qg3
Nc6 9. f4 cxd4 10. Ne2 Nh6 11. cxd4 Na5 12. Bd2 Nc4 13. Qc3 Qb6 14. Qb3 Bd7 15.
a4 Nxd2 16. Kxd2 Ng4 17. Qxb6 axb6 18. Nc3 Ke7 19. Be2 Nf2 20. Rhb1 Ne4+ 21.
Nxe4 dxe4 22. Rxb6 Bc6 23. g3 Rhd8 24. c3 Kd7 25. Rb4 Rdb8 26. c4 Ra5 27. Bd1
Rba8 28. Bb3 h6 29. Ke3 g5 30. d5 exd5 31. cxd5 Bxd5 32. Bxd5 Rxd5 33. Rxb7+
Kc6 34. Rh7 Rd3+ 35. Ke2 gxf4 36. Rxh6+ Kc5 37. gxf4 Rad8 38. Ra2 Rf3 39. Rc2+
Kb4 40. Rb6+ Ka5 41. Rcb2 Rdd3 42. Rb8 Rde3+ 43. Kd2 Rd3+ 44. Kc2 Rf2+ 45. Kb1
Rxb2+ 46. Rxb2 Kxa4 47. Rg2 Kb3 48. Rg3 e3 49. Kc1 Kc3 50. Rg2 Rd8 51. Rc2+ Kd3
52. Kd1 Rg8 0-1

[Event "ENCI Limburg-open A"]
[Site "Maastricht"]
[Date "2008.05.11"]
[Round "5"]
[White "Hamblok, Roel"]
[Black "Braun, Christian1"]
[Result "0-1"]
[WhiteElo "2088"]
[BlackElo "2322"]
[PlyCount "104"]
[EventDate "2008.05.09"]
[EventType "swiss"]
[EventRounds "7"]
[EventCountry "NED"]
[Source "P.Boonen"]
[SourceDate "2010.01.01"]

1. e4 e6 2. d4 d5 3. Nc3 Nf6 4. Bg5 Be7 5. e5 Nfd7 6. Bxe7 Qxe7 7. f4 O-O 8.
Nf3 c5 9. Qd2 Nc6 10. O-O-O c4 11. f5 Rb8 12. g4 b5 13. Qe3 b4 14. Nb1 Rb6 15.
Rg1 Ra6 16. Rg3 Rxa2 17. Rh3 f6 18. fxe6 Qxe6 19. Bxc4 dxc4 20. d5 Qe7 21. dxc6
Nxe5 22. Qe4 Ng6 23. Qxc4+ Be6 24. Qe4 Ra1 25. b3 f5 26. gxf5 Bxf5 27. Qxe7
Nxe7 28. Rg3 Nxc6 29. Kb2 Ra5 30. Nbd2 Rd5 31. Re1 Rc5 32. Nc4 Bxc2 33. Kxc2
Rxf3 34. Rxf3 Nd4+ 35. Kd3 Nxf3 36. Re8+ Kf7 37. Rb8 Ne5+ 38. Nxe5+ Rxe5 39.
Rxb4 a5 40. Rb7+ Kf6 41. Kd4 Rg5 42. Rb6+ Kf7 43. Ke4 h5 44. Kf4 Rg4+ 45. Kf5
g6+ 46. Ke5 Rb4 47. Ra6 Rb5+ 48. Kf4 Kg7 49. Ra7+ Kh6 50. Ra6 Rb4+ 51. Ke5 Rxb3
52. Rxa5 Rb2 0-1

[Event "ENCI Limburg-open A"]
[Site "Maastricht"]
[Date "2008.05.11"]
[Round "5"]
[White "Harestad, Hans Krogh"]
[Black "Jones, Gawain C"]
[Result "0-1"]
[WhiteElo "2268"]
[BlackElo "2522"]
[PlyCount "90"]
[EventDate "2008.05.09"]
[EventType "swiss"]
[EventRounds "7"]
[EventCountry "NED"]
[Source "P.Boonen"]
[SourceDate "2010.01.01"]

1. d4 Nf6 2. c4 c5 3. d5 b5 4. cxb5 a6 5. bxa6 g6 6. Nc3 Bxa6 7. Nf3 d6 8. e4
Bxf1 9. Kxf1 Bg7 10. g3 Nbd7 11. Kg2 O-O 12. h3 Ra6 13. Re1 Qa8 14. Bg5 c4 15.
Re2 Rb8 16. Rb1 e6 17. b3 exd5 18. exd5 cxb3 19. Rxb3 Rxb3 20. Qxb3 Nc5 21. Qc4
Nfd7 22. Be3 Ra5 23. Bd4 Nf6 24. Bxf6 Bxf6 25. Ne4 Nxe4 26. Qxe4 Kg7 27. Rd2
Rxa2 28. Rxa2 Qxa2 29. Qd3 Bd8 30. Qc3+ Bf6 31. Qd3 h5 32. g4 hxg4 33. hxg4 Qa4
34. Kg3 Qb4 35. Kh3 Qf4 36. Qe3 Qc4 37. Qd2 Qe4 38. Kg3 g5 39. Nxg5 Qe5+ 40. f4
Bxg5 41. Kf3 Qf6 42. Kg3 Bh4+ 43. Kh3 Qh6 44. Kg2 Qg6 45. Kf3 Qb1 0-1

[Event "ENCI Limburg-open A"]
[Site "Maastricht"]
[Date "2008.05.11"]
[Round "5"]
[White "Heirich, Andreas"]
[Black "Ouwersloot, Hans"]
[Result "1/2-1/2"]
[WhiteElo "1910"]
[BlackElo "2038"]
[PlyCount "23"]
[EventDate "2008.05.09"]
[EventType "swiss"]
[EventRounds "7"]
[EventCountry "NED"]
[Source "P.Boonen"]
[SourceDate "2010.01.01"]

1. d4 Nf6 2. c4 c5 3. Nf3 cxd4 4. Nxd4 e5 5. Nf3 Nc6 6. Nc3 Bb4 7. Bd2 O-O 8.
a3 Ba5 9. b4 Bc7 10. Bg5 Ne7 11. Bxf6 gxf6 12. e3 1/2-1/2

[Event "ENCI Limburg-open A"]
[Site "Maastricht"]
[Date "2008.05.11"]
[Round "5"]
[White "Hermans, Chris"]
[Black "Merx, Bob"]
[Result "1/2-1/2"]
[WhiteElo "1866"]
[BlackElo "2106"]
[PlyCount "113"]
[EventDate "2008.05.09"]
[EventType "swiss"]
[EventRounds "7"]
[EventCountry "NED"]
[Source "P.Boonen"]
[SourceDate "2010.01.01"]

1. e4 e5 2. Nf3 Nc6 3. Bb5 a6 4. Ba4 Nf6 5. d3 b5 6. Bb3 Be7 7. c3 d6 8. Nbd2
Na5 9. Bc2 c5 10. Nf1 O-O 11. Ng3 Re8 12. O-O Nc6 13. h3 Bf8 14. d4 g6 15. Be3
h6 16. d5 Ne7 17. Nh2 Bg7 18. f4 exf4 19. Bxf4 Nh7 20. Qf3 Rf8 21. Ng4 h5 22.
Nh2 Rb8 23. Rab1 b4 24. c4 Rb7 25. Ne2 f5 26. Qg3 fxe4 27. Bxe4 Bf5 28. Bxf5
Rxf5 29. Bxd6 Rxf1+ 30. Rxf1 Nf5 31. Qxg6 Nxd6 32. Qxh5 Nxc4 33. Nf4 Rf7 34.
Qxf7+ Kxf7 35. Ne6+ Ke7 36. Nxd8 Kxd8 37. b3 Bd4+ 38. Kh1 Ne3 39. Rf7 Ng5 40.
Rf8+ Ke7 41. Rf4 Nxd5 42. Rg4 Kf6 43. h4 Ne6 44. Nf3 Kf5 45. Rg8 Ne3 46. Ra8
Ng4 47. Rxa6 Bf2 48. g3 Bxg3 49. Kg2 Bf2 50. Nh2 Nxh2 51. Kxf2 Ng4+ 52. Ke2
Nd4+ 53. Kd1 Nf6 54. a3 bxa3 55. Rxa3 Ne4 56. Ra5 Kg4 57. Rxc5 1/2-1/2

[Event "ENCI Limburg-open A"]
[Site "Maastricht"]
[Date "2008.05.11"]
[Round "5"]
[White "Hoffmann, Udo"]
[Black "Rietveld, Leo"]
[Result "1/2-1/2"]
[WhiteElo "2220"]
[BlackElo "2033"]
[PlyCount "26"]
[EventDate "2008.05.09"]
[EventType "swiss"]
[EventRounds "7"]
[EventCountry "NED"]
[Source "P.Boonen"]
[SourceDate "2010.01.01"]

1. e4 d5 2. exd5 Nf6 3. d4 Bg4 4. f3 Bf5 5. c4 e6 6. dxe6 Nc6 7. Be3 Qe7 8. Nc3
Qxe6 9. Qd2 O-O-O 10. O-O-O Nxd4 11. Bxd4 c5 12. Nb5 cxd4 13. Bd3 Bxd3 1/2-1/2